000 01120cam a22003014a 4500
999 _c329804
_d329804
001 14306123
003 NUST
005 20170523121209.0
008 060319r20051920pk bf 001 0 eng
010 _a 2005306015
020 _a969351744X
025 _aP-E-2005306015 ; 25
040 _aDLC
_cDLC
042 _alcode
043 _aa-pk---
050 0 0 _aDS392.N38
_bN39 2005
082 _a954.918 GAZ
245 0 0 _aNawabshah District /
_ccompiled by J.W. Smyth.
260 _aLahore :
_bSang-e Meel Publications,
_c2005.
300 _a2, 78 p., [1] leaf of plates :
_bcol. map ;
_c25 cm.
490 0 _aGazetteer of the Province of Sind
500 _aReprint. Originally published: Bombay : Govt. Central Press, 1920. (Gazetteer of the Province of Sind ; v. 5).
500 _aIncludes index.
651 0 _aNawābshāh (Pakistan : District)
_91306
700 1 _aSmyth, J. W.
_91303
906 _a7
_bcbc
_corigode
_d3
_encip
_f20
_gy-gencatlg
942 _2ddc
_cBK